Fremdenverkehrsstatistik Fürstentum Liechtenstein Jahresheft 1999

Salvato in:
Dettagli Bibliografici
Natura: Libro
Lingua:tedesco
Pubblicazione: Vaduz Amt für Volkswirtschaft 2000
Soggetti:
Tags: Aggiungi Tag
Nessun Tag, puoi essere il primo ad aggiungerne!!

MARC

LEADER 00000nam a2200000 4500
001 c122990
005 20251216141448.6
041 0 |a ger 
044 |a LI 
245 1 0 |a Fremdenverkehrsstatistik Fürstentum Liechtenstein  |b Jahresheft 1999 
264 1 |a Vaduz  |b Amt für Volkswirtschaft  |c 2000 
300 |a 107 s. 
610 2 0 |a Lichtenštajnsko 
610 2 0 |a ruch cestovný